FAO monthly bulletin of statistics. : Bulletin mensuel FAO de statistiques. Boletin mensual FAO de estadisticas.

Bibliographic Details
Previous Title:Monthly bulletin of agricultural economics and statistics
Corporate Author: Food and Agriculture Organization of the United Nations
Format: Journal
Language:English
French
Spanish
Language Notes:Text in English, French and Spanish.
Published: Rome : Food and Agriculture Organization of the United Nations.
Subjects:

MARC

Tag First Indicator Second Indicator Subfields
LEADER 00000cas a2200000 4500
001 in00000022275
005 20151007063928.0
008 780710d19781987it mr p s i0uuua0eng d
035 |a (OCoLC)04040221 
035 |9 AAD8624AM 
040 |a INT  |c INT  |d COO  |d YUS  |d MUL  |d HUL  |d TXA  |d UtOrBLW 
041 0 |a eng  |a fre  |a spa 
049 |a TXAE 
090 |a HD1411  |b .F582 
245 0 0 |a FAO monthly bulletin of statistics. :  |b Bulletin mensuel FAO de statistiques. Boletin mensual FAO de estadisticas. 
246 3 1 |a Bulletin mensuel FAO de statistiques 
246 3 1 |a Boletin mensual FAO de estadisticas 
264 1 |a Rome :  |b Food and Agriculture Organization of the United Nations. 
300 |a 10 volumes :  |b illustrations ;  |c 28 cm. 
336 |a text  |b txt  |2 rdacontent 
337 |a unmediated  |b n  |2 rdamedia 
338 |a volume  |b nc  |2 rdacarrier 
362 0 |a Vol. 1 (Jan. 1978)-v. 10, no. 12 (Dec. 1987). 
546 |a Text in English, French and Spanish. 
650 0 |a Agriculture  |x Economic aspects  |v Periodicals. 
710 2 |a Food and Agriculture Organization of the United Nations. 
780 0 0 |t Monthly bulletin of agricultural economics and statistics 
785 0 0 |7 tFAO quarterly bulletin of statistics (OCoLC)18590354 
999 |a MARS 
999 f f |s 4ef88ba4-744f-3d1b-8664-0c41c2a733fe  |i 4c057644-bf67-32c7-b322-a8aab64bf678  |t 0 
952 f f |p ric  |a Texas A&M University  |b Rellis Campus  |c Joint Library Facility  |d Remote Storage  |t 0  |e HD1411 .F582  |h Library of Congress classification  |i unmediated -- volume  |k v.10:no.7/8-12  |l 1987:July/Aug.-Dec.  |m A14815160838 
952 f f |p ric  |a Texas A&M University  |b Rellis Campus  |c Joint Library Facility  |d Remote Storage  |t 0  |e HD1411 .F582  |h Library of Congress classification  |i unmediated -- volume  |k v.2  |l 1979  |m A14851276890 
952 f f |p ric  |a Texas A&M University  |b Rellis Campus  |c Joint Library Facility  |d Remote Storage  |t 0  |e HD1411 .F582  |h Library of Congress classification  |i unmediated -- volume  |k v.7  |l 1984  |m A14813061436 
952 f f |p ric  |a Texas A&M University  |b Rellis Campus  |c Joint Library Facility  |d Remote Storage  |t 0  |e HD1411 .F582  |h Library of Congress classification  |i unmediated -- volume  |k v.3  |l 1980  |m A14851276882 
952 f f |p ric  |a Texas A&M University  |b Rellis Campus  |c Joint Library Facility  |d Remote Storage  |t 0  |e HD1411 .F582  |h Library of Congress classification  |i unmediated -- volume  |k v.5  |l 1982  |m A14851276866 
952 f f |p ric  |a Texas A&M University  |b Rellis Campus  |c Joint Library Facility  |d Remote Storage  |t 0  |e HD1411 .F582  |h Library of Congress classification  |i unmediated -- volume  |k v.9  |l 1986  |m A14813061533 
952 f f |p ric  |a Texas A&M University  |b Rellis Campus  |c Joint Library Facility  |d Remote Storage  |t 0  |e HD1411 .F582  |h Library of Congress classification  |i unmediated -- volume  |k v.4  |l 1981  |m A14851276874 
952 f f |p ric  |a Texas A&M University  |b Rellis Campus  |c Joint Library Facility  |d Remote Storage  |t 0  |e HD1411 .F582  |h Library of Congress classification  |i unmediated -- volume  |k v.6  |l 1983  |m A14813061389 
952 f f |p ric  |a Texas A&M University  |b Rellis Campus  |c Joint Library Facility  |d Remote Storage  |t 0  |e HD1411 .F582  |h Library of Congress classification  |i unmediated -- volume  |k v.1  |l 1978  |m A14851276908 
952 f f |p ric  |a Texas A&M University  |b Rellis Campus  |c Joint Library Facility  |d Remote Storage  |t 0  |e HD1411 .F582  |h Library of Congress classification  |i unmediated -- volume  |k v.10:no.1-6  |l 1987:Jan.-June  |m A14850937617 
952 f f |p ric  |a Texas A&M University  |b Rellis Campus  |c Joint Library Facility  |d Remote Storage  |t 0  |e HD1411 .F582  |h Library of Congress classification  |i unmediated -- volume  |k v.8  |l 1985  |m A14813061486 
998 f f |a HD1411 .F582  |s v.1-10 (1978-1987)  |t 0  |l Remote Storage